000 00988nam1a22002651i 4500
001 RU\NLR\INFOCOMM_195\5000042544
005 20240724142111.0
035 _a(NLR Aleph) 009143024
090 _a8347653
_c8347653
100 _a20091026g19651966|||y0rusy50 ba
101 1 _afre
_crus
102 _aRU
105 _ay ||||000|y
200 1 _aMachines de terrassement
_eÀ l'usage des élèves des écoles de mécanisation de l'agriculture
_fT. Borchtchov, cand. ès sciences agricoles
_g[Trad. du russe par A. Anisimov]
210 _aΜ.
_cÉcole supérieure
_d[1965-1966]
215 _a2 т.
_d21 см
300 _aНа с. 2: Т. С. Борщов. Землеройные машины
309 _aОтпечат. множит. аппаратом
686 _aТ28-1664
_2rubbk
700 1 _9z01790
_aBorščov
_bT. S.
_gTimofej Sergeevič
_4070
790 1 _9z01700
_aBorchtchov
_bT.
_4070
801 1 _aRU
_bNLR
_c20091026
801 0 _aRU
_bNLR
_gPSBO
852 _aNLR
_jТ81 Г-3/262
942 _cBOOK